000 00499nam a2200181Ia 4500
005 20250923144312.0
008 008 250917s9999 xx 000 0 eng d
037 _aTextual
040 _aDSWL
_beng
_cDSWL
041 _aeng
_2eng
084 _qDSWL
100 _aMalinowski, Bronis
_9823431
245 0 _aDynamics of cultue change
_cby Bronis Malinowski
260 _aNew Haven
_bHaven Yale Univ Press
_c1947
300 _a171 p.
942 _cTEXL
999 _c1437197
_d1437197